Fourth Doctor (Tom Baker) serials Quiz Stats

 Plays Quiz not verified by Sporcle

Score 0/42 Timer 12:00
0 Plays Today
Year Title % Correct
1974/1975Robot
95.5%
1975Genesis of the Daleks
93.7%
1975The Ark in Space
89.7%
1981Logopolis
89.7%
1975The Sontaran Experiment
87.9%
1980/UnairedShada
87.2%
1975Revenge of the Cybermen
86.6%
1978The Key to Time: The Pirate Planet
86.2%
1976The Deadly Assassin
86%
1977The Talons of Weng-Chiang
85.2%
1981The Keeper of Traken
85%
1976The Hand of Fear
84%
1975Terror of the Zygons
83.2%
1978The Key to Time: The Ribos Operation
82.6%
1978The Key to Time: The Stones of Blood
82.6%
1978The Key to Time: The Androids of Tara
81.8%
1979City of Death
81.4%
1975Pyramids of Mars
80.4%
1979The Key to Time: The Armageddon Factor
80.2%
1979Destiny of the Daleks
80.2%
1977The Face of Evil
79.1%
Year Title % Correct
1978/1979The Key to Time: The Power of Kroll
78.7%
1977The Robots of Death
78.5%
1977Horror of Fang Rock
78.5%
1978The Invasion of Time
77.9%
1980The E-Space Trilogy: Full Circle
77.9%
1981The E-Space Trilogy: Warriors' Gate
77.9%
1980The Leisure Hive
76.7%
1975The Android Invasion
75.9%
1980Meglos
75.9%
1977The Invisible Enemy
74.7%
1980The E-Space Trilogy: State of Decay
74.1%
1976The Brain of Morbius
72.7%
1976The Masque of Mandragora
72.7%
1976The Seeds of Doom
71.5%
1975Planet of Evil
71.1%
1977The Sun Makers
70.9%
1979/1980The Horns of Nimon
68.8%
1978Underworld
64.8%
1977Image of the Fendahl
63.8%
1979The Creature From the Pit
63%
1979Nightmare of Eden
61.1%

You're not logged in!

Compare scores with friends on all Sporcle quizzes.
OR
Log In

Show Comments

Extras

Created Nov 17, 2010ReportNominate
Tags:Doctor Who Quiz

Top Quizzes Today


Score Distribution

Your Account Isn't Verified!

In order to create a playlist on Sporcle, you need to verify the email address you used during registration. Go to your Sporcle Settings to finish the process.

Report this User

Report this user for behavior that violates our Community Guidelines.

Details: